Management des organisations : (Record no. 56592)
[ view plain ]
| 000 -LEADER | |
|---|---|
| fixed length control field | 00712nam a22002177a 4500 |
| 005 - DATE AND TIME OF LATEST TRANSACTION | |
| control field | 20170712120106.0 |
| 008 - FIXED-LENGTH DATA ELEMENTS--GENERAL INFORMATION | |
| fixed length control field | 170712b xxu||||| |||| 00| 0 eng d |
| 020 ## - INTERNATIONAL STANDARD BOOK NUMBER | |
| International Standard Book Number | 978-2-10-074542-5 |
| 040 ## - CATALOGING SOURCE | |
| Original cataloging agency | BUAC |
| Transcribing agency | BUC |
| 041 ## - LANGUAGE CODE | |
| Language code of text/sound track or separate title | Fre |
| 100 ## - MAIN ENTRY--PERSONAL NAME | |
| Personal name | Plane, Jean-Michel |
| 245 ## - TITLE STATEMENT | |
| Title | Management des organisations : |
| Remainder of title | théories . concepts . performances |
| Statement of responsibility, etc | / Jean-Michel Plane |
| 250 ## - EDITION STATEMENT | |
| Edition statement | 4e éd. |
| 260 ## - PUBLICATION, DISTRIBUTION, ETC. (IMPRINT) | |
| Place of publication, distribution, etc | Paris : |
| Name of publisher, distributor, etc | Dunod, |
| Date of publication, distribution, etc | 2016 |
| 300 ## - PHYSICAL DESCRIPTION | |
| Extent | VIII-311 |
| Other physical details | couv. en coul. ; |
| Dimensions | 24 cm. |
| 440 ## - SERIES STATEMENT/ADDED ENTRY--TITLE | |
| Title | (Management Sup : management - ressources humaines) |
| 500 ## - GENERAL NOTE | |
| General note | Bibliogr. pp. 295-307<br/>Index pp. 309-311 |
| 630 ## - SUBJECT ADDED ENTRY--UNIFORM TITLE | |
| Source of heading or term | SCIENCES APPLIQUES - TECHNIQUES |
| 650 ## - SUBJECT ADDED ENTRY--TOPICAL TERM | |
| Topical term or geographic name as entry element | Organisation : gestion |
| 9 (RLIN) | 19543 |
| 942 ## - ADDED ENTRY ELEMENTS (KOHA) | |
| Item type | Libre Accès |
| Withdrawn status | Lost status | Damaged status | Not for loan | Location (home branch) | Sublocation or collection (holding branch) | Shelving location | Date acquired | Source of acquisition | Coded location qualifier | Koha issues (times borrowed) | Koha full call number | Piece designation (barcode) | Koha date last seen | Copy number | Price effective from | Koha item type |
|---|---|---|---|---|---|---|---|---|---|---|---|---|---|---|---|---|
| Bibliothèque Universitaire Centrale | Bibliothèque Universitaire Centrale | 12/07/2017 | Don ARES | 17/135 | 658 PLA | 17-135BUC | 12/07/2017 | 01 | 12/07/2017 | Libre Accès | ||||||
| Bibliothèque Universitaire Centrale | Bibliothèque Universitaire Centrale | 12/07/2017 | Don ARES | 17/139 | 658 PLA | 17-139BUC | 12/07/2017 | 02 | 12/07/2017 | Libre Accès | ||||||
| Bibliothèque Universitaire Centrale | Bibliothèque Universitaire Centrale | 21/01/2019 | DON ARES | 18/268 | 658 PLA | 18-268Buc | 21/01/2019 | 3 | 21/01/2019 | Libre Accès |